00372nam a2200133 a 45000010010000000030011000100080041000210350026000620820016000881000025001042450047001292600033001766500029002090000-9100ELIB.Books110520 0000  a(ELIB.Books)0000-9249 a261.8 bCli aClinebell, Howard J. aUnderstanding And Counseling The Alcoholic bNew York: Abingdon Press c0 aChristianity And Problem